LEADER 02887nam1 22004213i 450 001 CAGE006401 005 20170908093312.0 100 $a20060201g16471652||||0itac50 ba 101 | $alat 102 $ait 181 1$6z01$ai $bxxxe 182 1$6z01$an 200 1 $a˜Zachariæ Pasqualigi Veronensis ... œVariarum quæstionum moralium canonicarum centuria 1[-4]. In quibus ex principiis theologicis et sacris, atque ciuilibus legibus plura dubia, quæ ad praxim vtriusque fori pertinent tàm quò ad regulares quàm quo ad sæculares breuiter, & dilucidè explicantur. Cum suis indicibus 210 $aRomæ$cex typographia hæredum Francisci Corbelletti$d1647-1652 215 $a4 v.$dfol 300 $aTit. dell'occhietto dei vol. 1 e 3: Zachariae Pasqualigi ... Variae quaestiones morales canonicae 300 $aL'indicazione di pubblicazione sui frontespizi varia 300 $aFrontespizi stampati in rosso e nero 300 $aTesto su due colonne. 463 1$1001CAGE006406$12001 $a˜3: Zachariæ Pasqualigi Veronensis ... œVariarum quæstionum moralium canonicarum centuria 3. In quibus ex principiis theologicis et sacris, atque ciuilibus legibus plura dubia, quæ ad praxim vtriusque fori pertinent tàm quo ad regulares, quàm quò ad sæculares breuitèr, & dilucidé explicantur. Cum suis indicibus$v3 463 1$1001CAGE006416$12001 $a˜4: Zachariæ Pasqualigi Veronensis ... œQuæstionum moralium canonicarum centuria 4. In quibus ex principijs theologicis et sacris, atque ciuilibus legibus plura dubia, quæ ad praxim vtriusque fori pertinent tàm quò ad regulares, quàm quò ad sæculares breuitèr, et dilucidé explicantur$v4 463 1$1001RAVE022627$12000 $a1$v1 463 1$1001RAVE022628$12000 $a2$v2 517 1 $a˜Zachariae Pasqualigi ... œVariae quaestiones morales canonicae.$9CAGE006413 620 $aIT$dRoma$3LO1L002924 700 1$aPasqualigo$b, Zaccaria$f <1600-1664>$3BVEV058367$4070$0744253 712 02$aCorbelletti, Francesco$c <1.> eredi$3RMLV033486$4750 790 1$aPasqualigus$b, Zacharia$3CFIV316697$zPasqualigo, Zaccaria <1600-1664> 791 02$aCorbellettus, Franciscus$3CFIV316784$zCorbelletti, Francesco <1.> eredi 801 3$aIT$bIT-NA0079$c20060201 850 $aIT-AV0003$aIT-NA0079 912 $aCAGE006401 950 1$aBiblioteca Comunale "P. S. Mancini"$cV. 3-4$d ARF. ANTICO 1600/ 537 950 1$aBiblioteca Nazionale Vittorio Emanuele III$bv. 1.-2.$cv. 1.-2.$d BNSALA FARN.16. E 0010 967 $m2 977 $a AR$a BN 996 $aVariarum quæstionum moralium canonicarum centuria 1. In quibus ex principiis theologicis et sacris, atque ciuilibus legibus plura dubia, quæ ad praxim vtriusque fori pertinent tàm quò ad regulares quàm quo ad sæculares breuiter, & dilucidè explicantur. Cum suis indicibus$91485270 997 $aUNISANNIO